000 00684nam a2200229Ia 4500
003 OSt
005 20220927105829.0
006 a|||||r|||| 00| 0
007 ta
008 220926b |||||||| |||| 00| 0 eng d
024 _a196955
037 _cReference Collections
040 _aRTL
_cRTL
_beng
041 _2eng
_aeng
082 _a"X38:76.2, P2/Th"
100 _aDASH Suvendu Sekhar
_9375381
245 0 _aStudy of pricing in the telecommunications sector in India
260 _a"Delhi,"
_b"University of Delhi, "
_c2002
300 _a"ix,188p"
_ccm.
942 _h"X38:76.2, P2/Th"
_cCC
999 _c694933
_d694933